00316nam a2200133Ia 45000030006000000080041000060400015000471000029000622450040000912500013001312600009001445460012001530050017001650STCL150530s9999 xx 000 0 und d aSTCLcSTCL aDryden; Ramjilal; Editor aJohn Dryden a bsalom and achitophel aTwelveth c1990 aEnglish20220125170931.0